Logo BPK

Biblioteka

Politechniki Koszalińskiej

Organizacja pamięci dla efektywnego wyszukiwania informacji. [Praca doktorska] / (Rekord nr 17494)

Szczegóły MARC
000 -ETYKIETA REKORDU
podpole kontrolne o stałej długości 00538nam a2200181 i 4500
001 - NUMER KONTROLNY REKORDU
pole kontrolne bg
040 ## - ŹRÓDŁO KATALOGOWANIA
Instytucja, która utworzyła rekord BPK
041 ## - KOD JĘZYKA
Kod języka tekstu pol
080 ## - UNIWERSALNA KLASYFIKACJA DZIESIĘTNA - UKD
UKD 681.3.06
008 - POLE O STAŁEJ DŁUGOŚCI - DANE KONTROLNE
podpole kontrolne o stałej długości s pl f |000 0 pol
100 1# - NAZWA OSOBOWA
Nazwa osobowa GÓRSKI, Janusz
245 #0 - TYTUŁ/ODPOWIEDZIALNOŚĆ
Tytuł Organizacja pamięci dla efektywnego wyszukiwania informacji. [Praca doktorska] /
Pozostałe elementy strefy tytułu i oznaczenia odpowiedzialności Janusz Górski.
260 ## - STREFA ADRESU WYDAWNICZEGO
Miejsce wydania Warszawa :
Nazwa wydawcy/dystrybutora Państw. Wydawn. Nauk.,
Data publikacji, dystrybucji/powstania dokumentu 1977.
300 ## - STREFA OPISU FIZYCZNEGO
Objętość s. 95 :
Inne cechy fizyczne rys.
500 ## - UWAGI OGÓLNE
Tekst uwagi [Streszcz. w jęz. ang. i ros.].
504 ## - UWAGA DOTYCZĄCA BIBLIOGRAFII
Informacje o bibliografii [Zawiera bibliogr. s. 72-73].
856 ## - LOKALIZACJA I DOSTĘP DO ELEKTRONICZNYCH DOKUMENTÓW ZDALNYCH
Link (URL) http://koha.tu.koszalin.pl/cgi-bin/koha/opac-detail.pl?biblionumber=17494
Tekst linku Katalog online BPK
942 ## - DODATKOWE ELEMENTY (KOHA)
Typ dokumentu Książka
Egzemplarze
Wycofany Status egzemplarza Uszkodzony Dostępność Lokalizacja stała Lokalizacja bieżąca Miejsce przechowywania Sygnatura Kod kreskowy Typ dokumentu
      Dostępny Biblioteka Politechniki Koszalińskiej Biblioteka Politechniki Koszalińskiej Wypożyczalnia BG 22522 01682700 Książka
© 2023 Biblioteka Politechniki Koszalińskiej :: KOHA